[Event "Katowice Open"]
[Site "Katowice POL"]
[Date "1993.??.??"]
[Round "8"]
[White "Malaniuk, Vladimir P"]
[Black "Markowski, Tomasz"]
[Result "1-0"]
[WhiteElo "2600"]
[BlackElo "2450"]
[PlyCount "141"]
[EventDate "1993.01.??"]
[Source "www.chesslib.no"]
[SourceDate "2004.05.04"]

1. d4 Nf6 2. Nf3 g6 3. c3 Bg7 4. Bg5 O-O 5. Nbd2 d6 6. e3 Nbd7 7. Bc4 c5 8. O-O b6 9. a4 a6 10. Re1 Bb7 11. Bh4 h6 12. Qb3 Rb8 13. Bf1 g5 14. Bg3 Nh5 15. d5 f5 16. Bd3 Qe8 17. Nf1 Qf7 18. c4 Bc8 19. Qc2 Kh8 20. Ra2 a5 21. Raa1 Rb7 22. Rad1 Qf6 23. b3 Nb8 24. h3 Na6 25. Qe2 Nb8 26. N3d2 Qf7 27. Bh2 Nd7 28. Bb1 Ndf6 29. Qd3 Bd7 30. f3 f4 31. Qg6 Be8 32. Qxf7 Bxf7 33. exf4 gxf4 34. Bf5 Ng8 35. Bd3 Bd4+ 36. Kh1 Ngf6 37. Re2 Kg7 38. Rde1 Re8 39. Bf5 Kf8 40. Ne4 Be5 41. Nfd2 Ng7 42. Nxf6 Bxf6 43. Bd3 e5 44. dxe6 Nxe6 45. Bf5 Be5 46. Bxe6 Bxe6 47. Ne4 Kf7 48. Nf2 Rbe7 49. Ng4 Bc3 50. Nxh6+ Kg6 51. Rc1 Bg7 52. Ng4 Bxg4 53. Rxe7 Rxe7 54. fxg4 Re4 55. Rf1 Be5 56. h4 Kh6 57. Bg1 Kg6 58. Rf3 Re1 59. Kh2 Rd1 60. Bf2 Rf1 61. h5+ Kh6 62. Bh4 Rb1 63. Bd8 Bd4 64. g3 Rb2+ 65. Kh3 fxg3 66. Kxg3 Be5+ 67. Kh4 Rh2+ 68. Rh3 Re2 69. g5+ Kh7 70. Kg4 Bd4 71. Rf3 1-0

[Event "21. Open A"]
[Site "?"]
[Date "2000.03.27"]
[Round "3"]
[White "Borovikov Vladislav"]
[Black "Romanishin Oleg M"]
[Result "1/2-1/2"]
[WhiteElo "2472"]
[BlackElo "2578"]
[PlyCount "33"]
[EventDate "2000.??.??"]
[Source "www.chesslib.no"]
[SourceDate "2004.05.04"]

1. d4 Nf6 2. Nf3 g6 3. c4 d6 4. g3 Bg7 5. Bg2 Bf5 6. O-O O-O 7. b3 c5 8. Bb2 cxd4 9. Nxd4 Be4 10. Bxe4 Nxe4 11. Nc3 Nxc3 12. Bxc3 d5 13. cxd5 Qxd5 14. Rc1 Na6 15. Nf3 Qxd1 16. Rfxd1 Rac8 17. Bxg7 1/2-1/2

[Event "Bern"]
[Site "Bern"]
[Date "1991.??.??"]
[Round "1"]
[White "Klinger, Josef"]
[Black "Gavrikov, Viktor"]
[Result "1/2-1/2"]
[WhiteElo "2470"]
[BlackElo "2580"]
[PlyCount "25"]
[EventDate "1991.02.??"]
[Source "ChessBase"]

1. d4 Nf6 2. Nf3 c5 3. e3 g6 4. dxc5 Qa5+ 5. Nbd2 Bg7 6. a3 Qxc5 7. b4 Qc7 8. Bb2 b6 9. Be2 Bb7 10. O-O O-O 11. c4 d6 12. Qb3 Nbd7 13. Rfd1 1/2-1/2

[Event "SVK Cup"]
[Site "Martin"]
[Date "2003.??.??"]
[Round "1"]
[White "Ftacnik, Lubomir"]
[Black "Tibensky, Robert"]
[Result "1/2-1/2"]
[WhiteElo "2611"]
[BlackElo "2438"]
[PlyCount "136"]
[EventDate "2003.04.??"]
[Source "Roberto Alvarez"]
[SourceDate "2003.06.03"]

1. d4 Nf6 2. Nf3 c5 3. e3 g6 4. Nbd2 b6 5. b3 Bg7 6. Bb2 Bb7 7. Bd3 O-O 8. O-O Nc6 9. c4 cxd4 10. exd4 d5 11. Rc1 Rc8 12. Re1 e6 13. Qe2 Re8 14. a3 Rc7 15. Red1 Qa8 16. c5 bxc5 17. Rxc5 Nd7 18. Rc2 a5 19. Ne5 Rec8 20. Rdc1 Qb8 21. f4 Bf8 22. Ndf3 Ncxe5 23. fxe5 Bh6 24. Rxc7 Rxc7 25. Rc3 Bc6 26. g4 Qb6 27. Kg2 Qb7 28. Qc2 Rc8 29. h4 Nb6 30. Bc1 Bf8 31. h5 a4 32. hxg6 hxg6 33. b4 Be8 34. Bg5 Rxc3 35. Qxc3 Qc6 36. Qe1 Nd7 37. Bd2 Be7 38. g5 Nf8 39. Kg3 Nh7 40. Kh4 Qb6 41. Qe2 Kg7 42. Be3 Bd7 43. Kg3 Be8 44. Kf2 Qd8 45. Qd2 Qb6 46. Ke2 Bb5 47. Bxb5 Qxb5+ 48. Qd3 Qb6 49. Qc2 Qb5+ 50. Kf2 Nf8 51. Qc7 Nd7 52. Nh2 Bxb4 53. axb4 a3 54. Qc3 Qa4 55. Bc1 a2 56. Bb2 Nb6 57. Ng4 Qd1 58. Qf3 Qc2+ 59. Qe2 Qf5+ 60. Kg3 Nc4 61. Bc3 Qb1 62. Nh6 Qc1 63. Qf3 Qxg5+ 64. Ng4 Qc1 65. Qf6+ Kf8 66. Qd8+ Kg7 67. Qf6+ Kf8 68. Qd8+ Kg7 1/2-1/2

[Event "Pardubice Czech op"]
[Site "Pardubice"]
[Date "2001.07.27"]
[Round "8"]
[White "Meduna, Eduard"]
[Black "Babula, Vlastimil"]
[Result "0-1"]
[WhiteElo "2482"]
[BlackElo "2566"]
[PlyCount "70"]
[EventDate "2001.07.20"]
[Source "ChessBase"]
[SourceDate "2001.09.11"]

1. d4 Nf6 2. Nf3 g6 3. Nbd2 d5 4. e3 Bg7 5. b4 O-O 6. c4 e6 7. Be2 b6 8. Ba3 Re8 9. O-O Bb7 10. Qc2 Nbd7 11. Rac1 Rc8 12. c5 c6 13. Bb2 a5 14. a3 Ra8 15. b5 Qb8 16. a4 Rc8 17. Ba3 cxb5 18. Bxb5 Bc6 19. Qd3 bxc5 20. dxc5 e5 21. Bxc6 Rxc6 22. e4 dxe4 23. Nxe4 Nxe4 24. Qxe4 Qc7 25. Rc3 Re8 26. Rfc1 Nf6 27. Qc4 Rd8 28. Qe2 e4 29. Nd2 Nd5 30. Rc4 Nf4 31. Qxe4 Bh6 32. Qe3 Re6 33. Ne4 Rd3 34. Nf6+ Rxf6 35. Qe8+ Bf8 0-1

[Event "4. Governador Mario Covas"]
[Site "Santos"]
[Date "2004.08.01"]
[Round "2.5"]
[White "Limp, Eduardo"]
[Black "Milos, Gilberto"]
[Result "0-1"]
[WhiteElo "2441"]
[BlackElo "2601"]
[PlyCount "70"]
[EventDate "2004.07.31"]
[Source "Roberto Alvarez"]
[SourceDate "2004.08.17"]

1. Nf3 Nf6 2. d4 g6 3. c3 Bg7 4. Bg5 b6 5. Nbd2 Bb7 6. e3 d6 7. Bd3 Nbd7 8. Qe2 a6 9. e4 e5 10. dxe5 dxe5 11. O-O-O Qe7 12. h3 O-O 13. Bc2 b5 14. a3 c5 15. c4 Rfb8 16. Nf1 Qe6 17. N3d2 Qb6 18. Ne3 b4 19. a4 b3 20. Bb1 Qb4 21. h4 Nf8 22. Nd5 Bxd5 23. exd5 Qxa4 24. Bxf6 Bxf6 25. Ne4 Bg7 26. g4 Rb4 27. Bd3 f5 28. gxf5 gxf5 29. Rhg1 Ng6 30. Nf6+ Bxf6 31. h5 e4 32. hxg6 Qa1+ 33. Bb1 Rxc4+ 34. Kd2 Qxb2+ 35. Ke1 Qxe2+ 0-1

[Event "It (Open) Moscow RUS"]
[Site "?"]
[Date "2006.02.14"]
[Round "8"]
[White "Chuprov Dmitry"]
[Black "Milanovic Danilo"]
[Result "1-0"]
[WhiteElo "2525"]
[BlackElo "2513"]
[PlyCount "61"]
[EventDate "2006.??.??"]
[Source "www.chesslib.no"]
[SourceDate "2004.05.04"]

1. Nf3 Nf6 2. d4 c5 3. e3 g6 4. d5 Bg7 5. Nc3 O-O 6. Be2 d6 7. O-O Na6 8. e4 Nc7 9. a4 b6 10. Bg5 Bb7 11. Nd2 a6 12. Nc4 b5 13. Na5 Rb8 14. axb5 axb5 15. f3 Ba8 16. Qd2 Qd7 17. Bh6 Bxh6 18. Qxh6 e6 19. dxe6 Qxe6 20. Kh1 d5 21. Nb3 d4 22. Nxc5 Qe7 23. e5 Qxe5 24. N3e4 Bxe4 25. Nxe4 Nxe4 26. fxe4 Qxe4 27. Bd3 Qc6 28. Rf4 Qd7 29. Bf5 Kh8 30. Be4 Rfd8 31. Rb1 1-0

[Event "Gellerup m"]
[Site "?"]
[Date "1975.??.??"]
[Round "?"]
[White "Larsen, Bent"]
[Black "Iskov, Gert"]
[Result "1-0"]
[WhiteElo "2625"]
[BlackElo "2410"]
[PlyCount "65"]
[EventDate "1975.??.??"]
[Source "www.chesslib.no"]
[SourceDate "2004.05.04"]

1. d4 Nf6 2. Nf3 g6 3. c3 Bg7 4. Bg5 b6 5. Nbd2 Bb7 6. e3 d6 7. Bb5+ Nbd7 8. O-O O-O 9. Re1 a6 10. Bf1 e5 11. dxe5 Nxe5 12. Nxe5 dxe5 13. e4 Qe8 14. Qc2 Nh5 15. a4 f5 16. f3 h6 17. Be3 a5 18. b4 f4 19. Bf2 g5 20. bxa5 Rxa5 21. Nc4 Ra8 22. a5 g4 23. fxg4 Nf6 24. h3 bxa5 25. Qb3 Bc8 26. Nxe5+ Kh7 27. Nf3 a4 28. Qc2 Kh8 29. e5 Nd5 30. Qe4 Be6 31. Bd3 Bg8 32. Nh4 Ne7 33. Bc5 1-0